000 00263nam a2200109Ia 4500
008 190216s9999||||xx |||||||||||||| ||und||
100 _aWilliam Pickles
245 0 _aAccountancy
260 _bThe English Language Book Society
_c1960
300 _a1399p
942 _cBK
999 _c3825
_d3825